Canadian journal of family law Rv̌ue canadienne de droit familial

Detalles Bibliográficos
Formato: Desconocido
Lenguaje:inglés
Publicado: [Agincourt] : Canadian Journal of Family Law
Materias:
Acceso en línea:Acceso restringido

MARC

LEADER 00000ny a22000003n 4500
005 20110517121910.0
007 cr||||||||||||
008 091216s cn 000 eng d
022 |a 0704-1225 
035 |a 4004 
040 |d vLex 
090 |c 2015  |d 2015 
245 0 0 |a Canadian journal of family law  |h [Recurso electrn̤ico]  |b Rv̌ue canadienne de droit familial 
256 |a Servicio en ln̕ea 
260 |a [Agincourt] :  |b Canadian Journal of Family Law 
310 |a Trimestral 
506 1 |a Contenido solo disponible en los productos indicados  |d vLex Global  |d vLex Global (Academic Edition, excluding Law Schools)  |d vLex Global (U.S. Academic Edition, excluding Law Schools) 
650 0 4 |a Familia  |x Derecho  |x Publicaciones perid̤icas 
730 0 |a HeinOnline 
740 0 |a vLex Revista (Servicios en ln̕ea) 
843 |a Electrn̤ica. Abierta 
853 |8 1  |i (year)  |j (month)  |k (day) 
856 4 0 |u http://vlex.com/source/4004  |z Acceso restringido 
942 |c REV 
999 |a Child Welfare  |a Canada  |a Legislation 
999 |a Child Welfare  |a Canada  |a Periodicals 
999 |a Domestic relations  |a Canada  |a Periodicals 
999 |a Famille (Droit)  |a Canada  |a Jurisprudence  |a Přiodiques 
999 |a Famille (Droit)  |a Canada  |a Přiodiques 
999 |a Family  |a Canada  |a Legislation 
999 |a Family  |a Canada  |a Periodicals 
999 |a Marriage  |a Canada  |a Legislation 
999 |a Marriage  |a Canada  |a Periodicals